Регионална библиотека "Любен Каравелов" - Русе

Заражданието на културата (Запис номер 431907)

MARC детайли
000 -Лидер
Контролно поле с фиксирана дължина 02075nam a2200397 c 4500
003 - Код на организацията, давaща контролен номер
Контролно поле BLK
005 - Дата и час на последна редакция
Контролно поле 20210915124457.0
008 - Елементи от данни с фиксирана дължина
fixed length control field 180409b bul|||||r ||||||| ||bul||
040 ## - Източник на каталожния запис
Идентификатор на билиотеката - собственик на записа BLK
041 ## - Код за език
Код за езика на текст/звукозапис или на отделно заглавие Български
Код за езика КДБФ Български
080 ## - УДК
Текстов определител УДК История на цивилизацията. История на културата
УДК код - определител по УДК 930.85
УДК - код + определител 930.85
100 1# - Редна дума - Автор
Автор Писарев, Дмитрий Иванович
Авторска отговорност първи автор
R(LIN) 323908
139 ## - Редно поле
Редна дума Писарев, Дмитрий Иванович
Авторски знак Пис - П 54
245 10 - Сведения за заглавието
Заглавие Заражданието на културата
Редно поле (дума) Дмитрий Иванович Писарев; прев. от рус. Т. Д. Х.
260 ## - Област на издателските данни
Име на издателя, разпространителя и проч. Ат. Димитров и сие
Година на издаване [1897]
Място на издаване, разпространение и проч. Котел
300 ## - Физическа характеристика
Страници 139 с.
Размери/Мащаб 21 см
380 ## - Жанр
Жанр История
490 ## - СЕРИИ (Колекции)
Име на серия Колекция Редки и ценни издания
9 (RLIN) 435080
650 ## - Допълнително описание по предмет – тема
Основно описание – тема или топоним Култура - история
9 (RLIN) 464543
700 1# - Други автори (авторска отговорност)
Лично име Т. Д. Х.
Автороска отговорност (Описва отношението между автора и произведението) прев. от рус.
9 (RLIN) 274600
852 ## - Местоположение
Форматна сигнатура Рб 897
Фондова буква Редки и ценни
856 4# - Електронен адрес и достъп
Електронен формат pdf - файл
856 4# - Електронен адрес и достъп
Електронен формат pdf - файл
999 ## - СИСТЕМНИ КОНТРОЛНИ НОМЕРА
Koha biblionumber 431907
Koha biblioitemnumber 431907
942 ## - АРТИКУЛИ
Вид на библиотечния материал Книги
Скрит в OPAC Не
Koha issues (borrowed), all copies 1
Периодичен библиозапис Да
944 ## - СЪЗДАВАНЕ И РЕДАКЦИЯ на ЗАПИСА
Създаване/Редакция Създаване
Дата на регистрацията/редакция 2021-09-15
Служител, извършил регистрацията/редакцията НР
Наличности
Код за отписване Код за изгубен артикул Източник на класификационната схема Код за повреда Коз за рестрикции Код за отдаване Артикулен № Име на библиотеката - собственик Име на библиотеката, в която се намира в момента Статус (Текущо местоположение) Дата на вписване в системата Местоположение - отдел Цена в лева Инвентарен номер Систематично азбучна сигнатура Баркод Цена в евро Служебен тип на артикула
  Не е изгубен Universal Decimal Classification Не е повреден само за читалня Специални фондове ( старопечатни, редки и ценни, фонд М. Арнаудов) 853779 Регионална библиотека "Любен Каравелов" Русе Регионална библиотека "Любен Каравелов" Русе Редки и ценни 2021-09-21 Редки и ценни 0.11 7267 Рб 897 900000078463 0.06 Книги
Vip Innovations Ltd, Rousse, Bulgaria 2025